[Event "Perm"]
[Site "Perm"]
[Date "2010.06.08"]
[Round "3"]
[White "Sterliagova, Tatiana"]
[Black "Gavryushin, Oleg"]
[Result "1/2-1/2"]
[WhiteElo "2314"]
[BlackElo "2353"]
[PlyCount "90"]
[EventDate "2010.06.07"]
[EventType "tourn"]
[EventRounds "9"]
[EventCountry "RUS"]
[SourceTitle "EXT 2012"]
[Source "ChessBase"]
[SourceDate "2011.11.24"]
[SourceVersion "1"]
[SourceVersionDate "2011.11.24"]
[SourceQuality "1"]

1. d4 Nf6 2. c4 g6 3. Nc3 d5 4. cxd5 Nxd5 5. e4 Nxc3 6. bxc3 Bg7 7. Bc4 c5 8. Be3 Nc6 9. Ne2 0-0 10. 0-0 Bg4 11. f3 Na5 12. Bxf7+ Rxf7 13. fxg4 Rxf1+ 14. Kxf1 Qd6 15. Kg1 Qe6 16. Qd3 c4 17. Qc2 Qxg4 18. h3 Qd7 19. d5 e5 20. Ng3 b6 21. Rd1 Nb7 22. Nf1 Rf8 23. Nd2 Nd6 24. a4 Qf7 25. Nf3 Qd7 26. Rf1 Qc7 27. Ra1 Bf6 28. Bc1 Nf7 29. Qe2 Rc8 30. Kh1 Qd7 31. Qc2 Be7 32. Be3 Bc5 33. Bg5 Be7 34. Bc1 Bc5 35. Qe2 Be7 36. Be3 Bc5 37. a5 Bxe3 38. Qxe3 b5 39. Rb1 a6 40. Rf1 Qe7 41. Qb6 Qd6 42. Qb7 Rc7 43. Qb8+ Kg7 44. Rb1 Re7 45. Qc8 Rc7 1/2-1/2

[Event "Perm"]
[Site "Perm"]
[Date "2010.06.07"]
[Round "1"]
[White "Sterliagova, Tatiana"]
[Black "Matveeva, Olga"]
[Result "1/2-1/2"]
[WhiteElo "2314"]
[BlackElo "2217"]
[PlyCount "48"]
[EventDate "2010.06.07"]
[EventType "tourn"]
[EventRounds "9"]
[EventCountry "RUS"]
[SourceTitle "EXT 2012"]
[Source "ChessBase"]
[SourceDate "2011.11.24"]
[SourceVersion "1"]
[SourceVersionDate "2011.11.24"]
[SourceQuality "1"]

1. Nf3 c5 2. g3 Nc6 3. d4 cxd4 4. Nxd4 g6 5. Bg2 Bg7 6. Nb3 Nf6 7. 0-0 0-0 8. c3 d6 9. Na3 Rb8 10. Bg5 Be6 11. Nc2 Qc7 12. Ne3 h6 13. Bxf6 Bxf6 14. Qc2 Rfc8 15. Nd5 Bxd5 16. Bxd5 e6 17. Bg2 Rd8 18. Rfd1 Rbc8 19. Rac1 Qb6 20. e3 Ne5 21. Nd4 d5 22. b3 Bg7 23. e4 dxe4 24. Qxe4 Rd7 1/2-1/2

[Event "Perm op 08"]
[Site "Perm"]
[Date "2009.08.20"]
[Round "8"]
[White "Syrchikov, Alexander"]
[Black "Sterliagova, Tatiana"]
[Result "0-1"]
[WhiteElo "2301"]
[BlackElo "2351"]
[PlyCount "64"]
[EventDate "2009.08.11"]
[EventType "swiss"]
[EventRounds "9"]
[EventCountry "RUS"]
[SourceTitle "CBM 132 Extra"]
[Source "ChessBase"]
[SourceDate "2009.11.03"]
[SourceVersion "1"]
[SourceVersionDate "2009.11.03"]
[SourceQuality "1"]

1. d4 Nf6 2. Nf3 c5 3. e3 g6 4. c4 Bg7 5. Nc3 cxd4 6. Nxd4 0-0 7. Be2 Nc6 8. 0-0 d6 9. b3 Nxd4 10. exd4 d5 11. Be3 Be6 12. Rc1 Rc8 13. c5 Ne4 14. b4 f5 15. f4 Bf7 16. Bf3 b6 17. Ne2 Qd7 18. a4 Rfd8 19. Kh1 bxc5 20. bxc5 Qc6 21. Rb1 Rb8 22. Qc2 Be8 23. a5 Qa6 24. Qa2 Bb5 25. Bxe4 fxe4 26. Rxb5 Rxb5 27. Ra1 e6 28. Ng3 Rdb8 29. h4 Rb2 30. Qa4 Qb5 31. h5 Qxa4 32. Rxa4 R2b4 0-1

[Event "RUS-ch (Women) 59th"]
[Site "Voronezh"]
[Date "2009.06.06"]
[Round "6"]
[White "Gunina, Valentina"]
[Black "Sterliagova, Tatiana"]
[Result "1/2-1/2"]
[WhiteElo "2411"]
[BlackElo "2337"]
[PlyCount "105"]
[EventDate "2009.06.01"]
[EventType "swiss"]
[EventRounds "9"]
[EventCountry "RUS"]
[SourceTitle "CBM 130 Extra"]
[Source "ChessBase"]
[SourceDate "2009.07.02"]
[SourceVersion "2"]
[SourceVersionDate "2009.07.15"]
[SourceQuality "1"]

1. d4 Nf6 2. c4 e5 3. dxe5 Ng4 4. Bf4 Nc6 5. Nf3 Bb4+ 6. Nc3 Qe7 7. Qd5 f6 8. exf6 Nxf6 9. Qd3 Ne4 10. e3 0-0 11. Be2 Bxc3+ 12. bxc3 d6 13. 0-0 Bf5 14. Qd5+ Kh8 15. Rac1 Nc5 16. Qd2 Ne5 17. Nd4 Bg6 18. Rcd1 Ned3 19. Bf3 Nxf4 20. exf4 Qf7 21. Bd5 Qxf4 22. Qxf4 Rxf4 23. Rfe1 c6 24. Ne6 Nxe6 25. Bxe6 Rd8 26. Re3 h6 27. g3 Rf6 28. Kg2 b6 29. f4 Bf7 30. Bxf7 Rxf7 31. a4 Kg8 32. Rd4 Kf8 33. g4 Re7 34. Kf3 Rxe3+ 35. Kxe3 Kf7 36. f5 g5 37. fxg6+ Kxg6 38. h4 d5 39. cxd5 cxd5 40. Kf4 h5 41. gxh5+ Kxh5 42. Ke5 Rc8 43. Rxd5 Rc4 44. a5 bxa5 45. Rxa5 Kxh4 46. Ra3 Kg5 47. Kd5 Rc8 48. c4 Kf6 49. Rxa7 Rd8+ 50. Kc6 Ke6 51. c5 Rd1 52. Rh7 Rc1 53. Kb6 1/2-1/2

[Event "RUS-ch (Women) 59th"]
[Site "Voronezh"]
[Date "2009.06.05"]
[Round "5"]
[White "Sterliagova, Tatiana"]
[Black "Ivakhinova, Inna"]
[Result "1-0"]
[WhiteElo "2337"]
[BlackElo "2219"]
[PlyCount "75"]
[EventDate "2009.06.01"]
[EventType "swiss"]
[EventRounds "9"]
[EventCountry "RUS"]
[SourceTitle "CBM 130 Extra"]
[Source "ChessBase"]
[SourceDate "2009.07.02"]
[SourceVersion "2"]
[SourceVersionDate "2009.07.15"]
[SourceQuality "1"]

1. d4 d5 2. c4 c6 3. Nf3 Nf6 4. Nc3 e6 5. e3 a6 6. b3 c5 7. Be2 cxd4 8. exd4 Bb4 9. Bd2 b6 10. 0-0 Bb7 11. Rc1 Nc6 12. Bg5 Be7 13. cxd5 Nxd5 14. Nxd5 Bxg5 15. Nxg5 exd5 16. Nf3 Qd6 17. Bd3 0-0 18. Qd2 Rfe8 19. Rfe1 h6 20. h3 Rac8 21. Bf5 Rcd8 22. Bb1 Qb8 23. Qd3 g6 24. Qd2 Kg7 25. Ne5 Qd6 26. f4 Rc8 27. Rcd1 Rc7 28. Re3 Nxe5 29. fxe5 Qe7 30. Rf1 Rc6 31. Ref3 Rf8 32. Rf6 Rcc8 33. Qf2 Bc6 34. Qg3 Kh8 35. Qf4 Kg7 36. e6 Be8 37. Qe5 Kh7 38. Bxg6+ 1-0

[Event "EU-ch (Women) 10th"]
[Site "St Petersburg"]
[Date "2009.03.14"]
[Round "7"]
[White "Sterliagova, Tatiana"]
[Black "Arakhamia Grant, Ketevan"]
[Result "0-1"]
[WhiteElo "2342"]
[BlackElo "2500"]
[PlyCount "92"]
[EventDate "2009.03.08"]
[EventType "swiss"]
[EventRounds "11"]
[EventCountry "RUS"]
[SourceTitle "CBM 129 Extra"]
[Source "ChessBase"]
[SourceDate "2009.05.05"]
[SourceVersion "2"]
[SourceVersionDate "2009.05.20"]
[SourceQuality "1"]

1. d4 Nf6 2. c4 g6 3. Nc3 Bg7 4. e4 d6 5. Nf3 0-0 6. h3 Nbd7 7. Be3 e5 8. d5 Nc5 9. Nd2 a5 10. Be2 Bd7 11. g4 c6 12. g5 Ne8 13. h4 Nc7 14. Nb3 b6 15. h5 a4 16. Nxc5 bxc5 17. Kf1 Rb8 18. Rb1 cxd5 19. cxd5 Rb4 20. a3 Rd4 21. Qc2 f5 22. gxf6 Qxf6 23. hxg6 hxg6 24. b4 cxb4 25. Rxb4 Rxb4 26. axb4 Rb8 27. Nxa4 Nb5 28. Nb6 Be8 29. Kg2 Qd8 30. Bxb5 Bxb5 31. Rc1 Qh4 32. f3 Rf8 33. Qf2 Qe7 34. Nc4 Bf6 35. Na3 Bh4 36. Qd2 Qf6 37. Qd1 Bg5 38. Rc3 Bxe3 39. Rxe3 Qg5+ 40. Kf2 Qh4+ 41. Kg2 Bd7 42. Qh1 Qf4 43. Rd3 Bg4 44. Qd1 Kg7 45. Nc4 Rh8 46. Qg1 Rh3 0-1

[Event "EU-ch (Women) 10th"]
[Site "St Petersburg"]
[Date "2009.03.11"]
[Round "4"]
[White "Tsatsalashvili, Ketevan"]
[Black "Sterliagova, Tatiana"]
[Result "0-1"]
[WhiteElo "2231"]
[BlackElo "2342"]
[PlyCount "66"]
[EventDate "2009.03.08"]
[EventType "swiss"]
[EventRounds "11"]
[EventCountry "RUS"]
[SourceTitle "CBM 129 Extra"]
[Source "ChessBase"]
[SourceDate "2009.05.05"]
[SourceVersion "2"]
[SourceVersionDate "2009.05.20"]
[SourceQuality "1"]

1. d4 Nf6 2. c4 c5 3. d5 b5 4. cxb5 a6 5. b6 Qxb6 6. Nc3 d6 7. e4 g6 8. Nf3 Bg4 9. Be2 Bxf3 10. Bxf3 Nbd7 11. 0-0 Bg7 12. g3 0-0 13. Bg2 Rab8 14. Kh1 Qa5 15. Qe2 Rfc8 16. Bh3 Rc7 17. f4 c4 18. Rd1 Nc5 19. Qc2 Nd3 20. Bf1 Qc5 21. Kg2 Nxc1 22. Rdxc1 Ng4 23. Kf3 h5 24. h3 Qe3+ 25. Kg2 Rcb7 26. Rab1 Bxc3 27. hxg4 Rxb2 28. Kh3 Rxb1 29. Rxb1 Rxb1 30. Qxb1 Be1 31. Kh2 Qxg3+ 32. Kh1 Bf2 33. Bg2 Qh4+ 0-1

[Event "EU-ch (Women) 10th"]
[Site "St Petersburg"]
[Date "2009.03.10"]
[Round "3"]
[White "Sterliagova, Tatiana"]
[Black "Muzychuk, Anna"]
[Result "0-1"]
[WhiteElo "2342"]
[BlackElo "2540"]
[PlyCount "102"]
[EventDate "2009.03.08"]
[EventType "swiss"]
[EventRounds "11"]
[EventCountry "RUS"]
[SourceTitle "CBM 129 Extra"]
[Source "ChessBase"]
[SourceDate "2009.05.05"]
[SourceVersion "2"]
[SourceVersionDate "2009.05.20"]
[SourceQuality "1"]

1. d4 Nf6 2. c4 g6 3. Nc3 Bg7 4. e4 0-0 5. Nf3 d6 6. h3 Na6 7. Be3 e5 8. d5 Nc5 9. Nd2 a5 10. g4 Nfd7 11. Qc2 b6 12. 0-0-0 f5 13. gxf5 gxf5 14. exf5 Nf6 15. Rg1 Kh8 16. Be2 Qd7 17. Bg4 h5 18. f3 Ba6 19. Nce4 Qa4 20. Qxa4 Nxa4 21. Nxf6 Rxf6 22. Bxh5 Rxf5 23. Bg4 Rff8 24. Ne4 Nc5 25. b3 a4 26. Kc2 axb3+ 27. axb3 Bc8 28. Bxc8 Nxe4 29. fxe4 Rf3 30. Rge1 Rxc8 31. Ra1 Rxh3 32. Ra7 Rf8 33. Rxc7 Rff3 34. Rd7 Rxe3 35. Rxe3 Rxe3 36. Rxd6 Rxe4 37. Rxb6 Rd4 38. d6 e4 39. c5 Be5 40. Rb8+ Kg7 41. Re8 Kf6 42. Rf8+ Ke6 43. Re8+ Kf5 44. Rf8+ Kg4 45. Re8 Kf4 46. Rf8+ Ke3 47. Re8 Rd2+ 48. Kb1 Bc3 49. Rg8 Bb4 50. Rg5 Kf4 51. Rh5 e3 0-1

[Event "Privolzhskogo FO-ch (Women)"]
[Site "Izhevsk"]
[Date "2009.01.04"]
[Round "1"]
[White "Bibilashvili, Anna"]
[Black "Sterliagova, Tatiana"]
[Result "0-1"]
[WhiteElo "1914"]
[BlackElo "2342"]
[PlyCount "114"]
[EventDate "2009.01.04"]
[EventType "swiss"]
[EventRounds "9"]
[EventCountry "RUS"]
[SourceTitle "EXT 2010"]
[Source "ChessBase"]
[SourceDate "2010.11.25"]
[SourceVersion "1"]
[SourceVersionDate "2010.11.25"]
[SourceQuality "1"]

1. e4 c5 2. Nf3 Nc6 3. d4 cxd4 4. Nxd4 g6 5. Nc3 Bg7 6. Be3 Nf6 7. Be2 0-0 8. 0-0 d6 9. Kh1 Bd7 10. Qd2 Rc8 11. f4 Qa5 12. Bf3 b6 13. Nb3 Qa6 14. Ne2 Rfd8 15. c3 Be6 16. Nbd4 Nxd4 17. cxd4 Bc4 18. b3 Nxe4 19. Bxe4 Bxe2 20. Rfe1 Bb5 21. Rac1 d5 22. Rxc8 Qxc8 23. Rc1 Qd7 24. Bd3 Bxd3 25. Qxd3 Rc8 26. Rc3 Rxc3 27. Qxc3 Qf5 28. Qc1 Qd3 29. Qc8+ Bf8 30. Qc1 e6 31. h3 Bb4 32. f5 Qc3 33. Qxc3 Bxc3 34. fxe6 fxe6 35. Kg1 Kf7 36. Kf2 Kf6 37. Ke2 h5 38. Kd3 Be1 39. Bf4 Kf5 40. Bb8 a6 41. Bc7 b5 42. Ke2 Bc3 43. Kd3 Bb2 44. Ke3 g5 45. g3 Bc1+ 46. Kd3 g4 47. h4 Bh6 48. Be5 Bf8 49. Ke3 Be7 50. a4 bxa4 51. bxa4 Bf6 52. Bf4 e5 53. dxe5 Bxe5 54. Bxe5 Kxe5 55. Kd3 d4 56. Kd2 Ke4 57. Ke2 a5 0-1

[Event "Perm op 09"]
[Site "Perm"]
[Date "2008.09.11"]
[Round "3"]
[White "Goldshtein, Grigory"]
[Black "Sterliagova, Tatiana"]
[Result "1/2-1/2"]
[WhiteElo "2184"]
[BlackElo "2333"]
[PlyCount "22"]
[EventDate "2008.09.09"]
[EventType "swiss"]
[EventRounds "9"]
[EventCountry "RUS"]
[SourceTitle "EXT 2022"]
[Source "ChessBase"]
[SourceDate "2021.10.06"]
[SourceVersion "1"]
[SourceVersionDate "2021.10.06"]
[SourceQuality "1"]

1. c4 c5 2. Nc3 Nf6 3. g3 g6 4. Bg2 Bg7 5. d3 d6 6. Nf3 Nc6 7. 0-0 0-0 8. e4 e5 9. h3 h6 10. Be3 Be6 11. Qd2 Kh7 1/2-1/2

[Event "RUS-ch (Women) 58th"]
[Site "Cheliabinsk"]
[Date "2008.06.11"]
[Round "8"]
[White "Sterliagova, Tatiana"]
[Black "Ubiennykh, Ekaterina"]
[Result "0-1"]
[WhiteElo "2352"]
[BlackElo "2289"]
[PlyCount "116"]
[EventDate "2008.06.04"]
[EventType "swiss"]
[EventRounds "9"]
[EventCountry "RUS"]
[SourceTitle "CBM 124 Extra"]
[Source "ChessBase"]
[SourceDate "2008.07.03"]
[SourceVersion "1"]
[SourceVersionDate "2008.07.03"]
[SourceQuality "1"]

1. d4 d5 2. c4 e6 3. Nc3 c6 4. e4 dxe4 5. Nxe4 Bb4+ 6. Nc3 c5 7. a3 Ba5 8. Be3 Nf6 9. dxc5 Bxc3+ 10. bxc3 Qa5 11. Qb3 Nbd7 12. Qb4 Qc7 13. Be2 0-0 14. f3 a5 15. Qb5 Ra6 16. Nh3 Rc6 17. Nf2 Nxc5 18. 0-0 b6 19. Bf4 e5 20. Bxe5 Qxe5 21. Qxc6 Qxe2 22. Qxb6 Qxc4 23. Rad1 Nd5 24. Qxa5 Ne3 25. Qb4 Be6 26. Qxc4 Bxc4 27. Rfe1 Nxd1 28. Rxd1 Ra8 29. Rd4 Be6 30. Rb4 Kf8 31. Rb5 Nd7 32. Ne4 h6 33. g4 Rxa3 34. Kf2 Rb3 35. Ra5 Rb2+ 36. Kg3 Bc4 37. h4 Ke7 38. h5 Bd3 39. Nf2 Bc2 40. Ra7 Rb3 41. Rc7 Kd6 42. Rc8 Nf6 43. Nh3 Kd7 44. Rc5 Bd3 45. Nf4 Ba6 46. Ng2 Kd6 47. Ra5 Bb7 48. Nh4 Rxc3 49. Ra4 Ne4+ 50. Kh2 Ng5 51. Nf5+ Kd7 52. Nxg7 Bxf3 53. Nf5 Ne4 54. Ra7+ Kc8 55. Nd4 Bxg4 56. Rxf7 Rd3 57. Nb5 Rd2+ 58. Kg1 Ng5 0-1

[Event "RUS-chT (Women)"]
[Site "Dagomys"]
[Date "2008.04.10"]
[Round "8"]
[White "Kirillova, Varvara"]
[Black "Sterliagova, Tatiana"]
[Result "0-1"]
[WhiteElo "2251"]
[BlackElo "2352"]
[PlyCount "158"]
[EventDate "2008.04.02"]
[EventType "team"]
[EventRounds "9"]
[EventCountry "RUS"]
[SourceTitle "CBM 123 Extra"]
[Source "ChessBase"]
[SourceDate "2008.05.06"]
[SourceVersion "1"]
[SourceVersionDate "2008.05.06"]
[SourceQuality "1"]

1. e4 c5 2. Nf3 Nc6 3. d4 cxd4 4. Nxd4 g6 5. Nb3 Bg7 6. Be2 Nf6 7. Nc3 d6 8. 0-0 0-0 9. Re1 Be6 10. Bf3 a5 11. a4 Rc8 12. Nd5 Nd7 13. c3 Nde5 14. Be2 Nb8 15. Bg5 Re8 16. Bb5 Nbd7 17. Nd4 Bxd5 18. exd5 Bf6 19. Bxf6 exf6 20. Qe2 Kf8 21. f4 Nc4 22. Qd3 Ncb6 23. Nb3 Ra8 24. c4 Qc7 25. Qc3 Kg7 26. Kh1 Rxe1+ 27. Rxe1 Nc5 28. Nxc5 Qxc5 29. Qe3 Qb4 30. b3 Rc8 31. h4 Rc7 32. h5 Nc8 33. Qe8 Qd2 34. Rf1 Ne7 35. h6+ Kxh6 36. Qf8+ Kh5 37. Qg7 h6 38. Rf3 Nf5 39. Qxf6 Kg4 40. Kh2 Re7 41. c5 Re3 42. Rxe3 Qxe3 43. Qxf7 Qxf4+ 44. Kg1 Qd4+ 45. Kh2 Qe5+ 46. Kg1 g5 47. cxd6 Kg3 48. Kf1 Ne3+ 49. Kg1 Nf5 50. Kf1 Qa1+ 51. Ke2 Qb2+ 52. Ke1 Qc3+ 53. Kd1 Qxb3+ 54. Kc1 Qe3+ 55. Kc2 Qc5+ 56. Kd3 Qa3+ 57. Kd2 Qb2+ 58. Kd3 Qd4+ 59. Kc2 Ne3+ 60. Kb3 Qb4+ 61. Ka2 Qd2+ 62. Kb1 Qc2+ 63. Ka1 Nd1 64. Qf3+ Kh2 65. Qa3 Nc3 66. Bd3 Qxd3 67. Qc1 Qd4 68. d7 Nxa4+ 69. Kb1 Qe4+ 70. Qc2 Nc3+ 71. Kc1 Qxd5 72. Qd2 Ne2+ 73. Kd1 Nd4 74. g4+ Kg3 75. Qc3+ Kxg4 76. Qc8 Nc6+ 77. Kc2 Kh4 78. Kc1 g4 79. Qxb7 g3 0-1

[Event "Perm op2 03"]
[Site "Perm"]
[Date "2008.03.31"]
[Round "5"]
[White "Sterliagova, Tatiana"]
[Black "Syrchikov, Alexander"]
[Result "1-0"]
[WhiteElo "2374"]
[BlackElo "2236"]
[PlyCount "79"]
[EventDate "2008.03.25"]
[EventType "swiss"]
[EventRounds "7"]
[EventCountry "RUS"]
[SourceTitle "EXT 2022"]
[Source "ChessBase"]
[SourceDate "2021.10.06"]
[SourceVersion "1"]
[SourceVersionDate "2021.10.06"]
[SourceQuality "1"]

1. d4 Nf6 2. c4 e6 3. Nc3 Bb4 4. e3 b6 5. Nf3 Bb7 6. Bd3 0-0 7. 0-0 d5 8. a3 Be7 9. cxd5 exd5 10. Qc2 c5 11. b3 Nbd7 12. Bb2 Rc8 13. dxc5 Nxc5 14. Bf5 Ne6 15. Qd3 a6 16. b4 b5 17. Rfd1 Qb6 18. Ne2 Ne4 19. Ne5 Rfd8 20. f3 Nf6 21. Nd4 Rd6 22. Bh3 Bf8 23. Nxe6 fxe6 24. Bd4 Qd8 25. Bc5 Qe8 26. Bxd6 Bxd6 27. Qd4 Rc7 28. Rac1 Re7 29. Rc2 Qh5 30. Nc6 Re8 31. Na5 Ba8 32. Rdc1 e5 33. Qb6 Bf8 34. Rc8 d4 35. Rxe8 Nxe8 36. Qe6+ Kh8 37. Rc8 Qg5 38. f4 Qh5 39. Bg4 Qh4 40. g3 1-0

[Event "Moscow op-C 04th (Women)"]
[Site "Moscow"]
[Date "2008.02.09"]
[Round "8"]
[White "Tairova, Elena"]
[Black "Sterliagova, Tatiana"]
[Result "1-0"]
[WhiteElo "2386"]
[BlackElo "2374"]
[PlyCount "81"]
[EventDate "2008.02.02"]
[EventType "swiss"]
[EventRounds "9"]
[EventCountry "RUS"]
[SourceTitle "CBM 122 Extra"]
[Source "ChessBase"]
[SourceDate "2008.03.04"]
[SourceVersion "1"]
[SourceVersionDate "2008.03.04"]
[SourceQuality "1"]

1. e4 c5 2. Nc3 g6 3. Nf3 Nc6 4. d4 cxd4 5. Nxd4 Bg7 6. Be3 Nf6 7. Bc4 0-0 8. Bb3 d6 9. f3 Bd7 10. Qd2 Nxd4 11. Bxd4 b5 12. a4 b4 13. Nd5 Nxd5 14. Bxg7 Kxg7 15. exd5 Qb6 16. 0-0-0 Qa5 17. h4 Bxa4 18. Kb1 Bd7 19. h5 Rh8 20. Rde1 Rae8 21. Rh4 Bf5 22. h6+ Kf8 23. Rxb4 f6 24. Ba4 Kf7 25. Bxe8+ Kxe8 26. g4 Bc8 27. Qd4 Bb7 28. Rd1 Ba6 29. c3 Be2 30. Rd2 Bxf3 31. Qd3 Bh1 32. Rd1 Bg2 33. Rd2 Bh1 34. Qd4 Qa6 35. Qg1 Bf3 36. Qf2 Bh1 37. Rd1 Bxd5 38. Rxd5 Qc6 39. Qd4 a5 40. Rb6 Qa8 41. g5 1-0

[Event "Moscow op-C 04th (Women)"]
[Site "Moscow"]
[Date "2008.02.07"]
[Round "6"]
[White "Sterliagova, Tatiana"]
[Black "Zhukova, Natalia"]
[Result "1/2-1/2"]
[WhiteElo "2374"]
[BlackElo "2443"]
[PlyCount "68"]
[EventDate "2008.02.02"]
[EventType "swiss"]
[EventRounds "9"]
[EventCountry "RUS"]
[SourceTitle "CBM 122 Extra"]
[Source "ChessBase"]
[SourceDate "2008.03.04"]
[SourceVersion "1"]
[SourceVersionDate "2008.03.04"]
[SourceQuality "1"]

1. d4 d5 2. c4 c6 3. Nf3 Nf6 4. Nc3 e6 5. e3 Nbd7 6. Qc2 Bd6 7. g4 h6 8. Rg1 e5 9. cxd5 cxd5 10. dxe5 Nxe5 11. Nxe5 Bxe5 12. h3 0-0 13. Bd2 Ne4 14. Nxe4 dxe4 15. Qxe4 Bxb2 16. Rb1 Bf6 17. Bd3 g6 18. Bc4 Kg7 19. Bb4 Re8 20. Qd5 Be6 21. Qxd8 Raxd8 22. Bxe6 Rxe6 23. Ke2 Rc8 24. Rgc1 Rec6 25. Rxc6 Rxc6 26. Kd3 g5 27. a3 Kg6 28. f4 gxf4 29. exf4 b6 30. Re1 Rc8 31. Bd2 Rd8+ 32. Kc2 Rc8+ 33. Kd3 Rd8+ 34. Kc2 Rc8+ 1/2-1/2

[Event "Moscow op-C 04th (Women)"]
[Site "Moscow"]
[Date "2008.02.05"]
[Round "4"]
[White "Sterliagova, Tatiana"]
[Black "Repina, Varvara"]
[Result "1-0"]
[WhiteElo "2374"]
[BlackElo "2158"]
[PlyCount "30"]
[EventDate "2008.02.02"]
[EventType "swiss"]
[EventRounds "9"]
[EventCountry "RUS"]
[SourceTitle "CBM 122 Extra"]
[Source "ChessBase"]
[SourceDate "2008.03.04"]
[SourceVersion "1"]
[SourceVersionDate "2008.03.04"]
[SourceQuality "1"]

1. d4 d5 2. c4 e6 3. Nc3 Be7 4. cxd5 exd5 5. Bg5 Nf6 6. e3 c6 7. Bd3 Bg4 8. Nge2 Bh5 9. h3 Bg6 10. Ng3 Bxd3 11. Qxd3 0-0 12. Nf5 Nbd7 13. 0-0-0 Re8 14. g4 Nf8 15. Rdg1 Ne6 1-0